[Event "Retro WM 84 Glasgow"]
[Site "Salzgitter"]
[Date "2019.05.26"]
[Round "6"]
[White "SciSys Turbostar 432 KSO , 4 MHz"]
[Black "Sandy TSB 4 La Regence , 8 MHz"]
[Result "1-0"]
[WhiteElo "1770"]
[BlackElo "1730"]
[PlyCount "79"]

1. d4 d5 2. c4 c6 3. Nf3 Nf6 4. Nc3 e6 5. Bg5 dxc4 6. e3 b5 7. a4 Bb4 8. Nd2 a6
9. axb5 h6 10. Bxf6 Qxf6 11. bxc6 Nxc6 12. Bxc4 e5 13. d5 Bxc3 14. bxc3 Ne7 15.
Qf3 Qxf3 16. Nxf3 Bb7 17. e4 Rc8 18. Bxa6 Bxa6 19. Rxa6 Rxc3 20. Kd2 Rc7 21. d6
Rd7 22. Ra8+ Rd8 23. Rxd8+ Kxd8 24. Nxe5 Ng6 25. Nxf7+ Kd7 26. Nxh8 Nxh8 27. e5
Ng6 28. Re1 Ke6 29. g3 h5 30. f4 h4 31. f5+ Kf7 32. fxg6+ Ke6 33. gxh4 Kd7 34.
e6+ Kxd6 35. e7 Kd5 36. e8=Q Kc5 37. Kc3 Kd6 38. Re6+ Kc7 39. Qf7+ Kc8 40. Re8#
1-0

[Event "Retro WM 84 Glasgow"]
[Site "Salzgitter"]
[Date "2019.05.26"]
[Round "25"]
[White "Sandy TSB 4 La Regence , 8 MHz"]
[Black "SciSys Turbostar 432 KSO , 4 MHz"]
[Result "0-1"]
[WhiteElo "1730"]
[BlackElo "1770"]
[PlyCount "98"]

1. c4 Nf6 2. Nc3 e5 3. d4 exd4 4. Qxd4 Nc6 5. Qe3+ Be7 6. Nf3 O-O 7. Bd2 d5 8.
cxd5 Nxd5 9. Nxd5 Qxd5 10. Qf4 Bf6 11. e4 Re8 12. O-O-O Qxa2 13. Bc3 Bxc3 14.
bxc3 Qxf2 15. Bc4 Be6 16. Bxe6 Rxe6 17. Rd7 Ne5 18. Qd2 Qxd2+ 19. Rxd2 Kf8 20.
Rhd1 a6 21. Kc2 Ng4 22. Rd8+ Rxd8 23. Rxd8+ Ke7 24. Rd2 Rxe4 25. Ng5 Re5 26. h4
h6 27. Nf3 Rd5 28. c4 Ne3+ 29. Kc3 Rxd2 30. Nxd2 Nxg2 31. Nf3 f5 32. Kd4 Kf6
33. c5 Nf4 34. Nd2 Ne6+ 35. Kd5 c6+ 36. Kd6 g5 37. hxg5+ hxg5 38. Nc4 g4 39.
Na5 g3 40. Nxb7 g2 41. Kxc6 g1=Q 42. Kb6 Qd4 43. Kxa6 Nxc5+ 44. Nxc5 Qxc5 45.
Kb7 Ke7 46. Kb8 Kd8 47. Kb7 Qb5+ 48. Ka7 Kc7 49. Ka8 Qb7# 0-1

[Event "Retro WM 84 Glasgow"]
[Site "Salzgitter"]
[Date "2019.05.27"]
[Round "37"]
[White "Sandy TSB 4 La Regence , 8 MHz"]
[Black "Meph. Excalibur Y Budapest , 8 MHz"]
[Result "0-1"]
[WhiteElo "1730"]
[BlackElo "1750"]
[PlyCount "102"]

1. c4 e6 2. Nc3 d5 3. e3 Nf6 4. Nf3 Bb4 5. cxd5 exd5 6. Bd3 a5 7. a3 Bc5 8.
Qa4+ Nc6 9. b4 Bd6 10. Nd4 Bd7 11. Nxc6 bxc6 12. bxa5 O-O 13. O-O c5 14. Bb5 c4
15. Bxd7 Qxd7 16. Qxd7 Nxd7 17. Nxd5 Rxa5 18. e4 f5 19. Re1 Ne5 20. Re2 Nd3 21.
Ne3 f4 22. Nxc4 Rc5 23. Nxd6 Rxc1+ 24. Rxc1 Nxc1 25. Re1 Nd3 26. Rb1 cxd6 27.
Rb6 Ra8 28. Rxd6 Rxa3 29. Rd8+ Kf7 30. Kf1 Kf6 31. Rd5 g6 32. h4 Ne5 33. d4
Ra1+ 34. Ke2 Ra2+ 35. Kf1 Ng4 36. Rd6+ Ke7 37. e5 Rxf2+ 38. Kg1 Ra2 39. Kf1
Ne3+ 40. Kg1 Rxg2+ 41. Kh1 f3 42. Rb6 Nf5 43. Rb7+ Ke6 44. Rb6+ Kd5 45. Rd6+
Nxd6 46. exd6 Kxd6 47. h5 gxh5 48. d5 Rg4 49. Kh2 f2 50. Kh3 f1=Q+ 51. Kh2 Qg2#
0-1

[Event "Retro WM 84 Glasgow"]
[Site "Salzgitter - Neudorf"]
[Date "2019.05.29"]
[Round "24"]
[White "Novag SuperConst. TM , 16 MHz"]
[Black "Chafitz Steinitz TM , 20 MHz"]
[Result "1-0"]
[WhiteElo "1950"]
[BlackElo "1890"]
[PlyCount "131"]

1. e4 e6 2. d4 d5 3. Nc3 Nf6 4. e5 Nfd7 5. f4 c5 6. Nf3 Nc6 7. Be3 cxd4 8. Nxd4
Bb4 9. Bb5 Bxc3+ 10. bxc3 Nxd4 11. Qxd4 a6 12. Be2 b5 13. a4 bxa4 14. O-O Qc7
15. c4 dxc4 16. Rxa4 Bb7 17. Rxc4 Qa5 18. Ra1 Qd5 19. Qxd5 Bxd5 20. Rxa6 Rxa6
21. Rc8+ Ke7 22. Rxh8 Ra2 23. Bd3 h6 24. Rh7 Ra1+ 25. Kf2 Kf8 26. Rh8+ Ke7 27.
Rg8 g6 28. Rh8 Ra2 29. Bd2 Rb2 30. Bc3 Rb1 31. Rxh6 Bc6 32. Rh7 Kf8 33. Rh8+
Ke7 34. Bd4 Rd1 35. Be3 g5 36. Rh7 gxf4 37. Bxf4 Nc5 38. Bg5+ Ke8 39. Rh8+ Kd7
40. Rf8 Nxd3+ 41. cxd3 Bd5 42. Rxf7+ Ke8 43. Re7+ Kf8 44. h4 Rxd3 45. Rc7 Rd4
46. h5 Rg4 47. Bh6+ Ke8 48. g3 Ra4 49. Bd2 Ra2 50. Ke3 Ra4 51. h6 Re4+ 52. Kd3
Ra4 53. h7 Be4+ 54. Ke3 Bxh7 55. Rxh7 Ra3+ 56. Kf4 Ra2 57. Be3 Ra4+ 58. Kg5 Ra3
59. Bf4 Kd8 60. Kf6 Ra6 61. Re7 Ra1 62. Kxe6 Rg1 63. Kf7 Rh1 64. Re8+ Kc7 65.
e6+ Kb6 66. e7 1-0

[Event "Retro WM 84 Glasgow"]
[Site "Salzgitter"]
[Date "2019.05.30"]
[Round "18"]
[White "Meph. Excalibur Y Budapest , 8 MHz"]
[Black "Sandy TSB 4 La Regence , 8 MHz"]
[Result "1-0"]
[WhiteElo "1750"]
[BlackElo "1730"]
[PlyCount "175"]

1. e4 e5 2. Nf3 Nc6 3. Bc4 Bc5 4. c3 Qe7 5. b4 Bb6 6. b5 Bxf2+ 7. Kxf2 Qc5+ 8.
d4 Qxc4 9. bxc6 Nf6 10. Nxe5 Nxe4+ 11. Ke3 Nxc3 12. Nxc4 Nxd1+ 13. Rxd1 dxc6
14. Ba3 Be6 15. Nbd2 O-O-O 16. Bc5 Rhe8 17. Kd3 Bf5+ 18. Kc3 b6 19. Ba3 Re2 20.
Rf1 Rd5 21. g4 Bxg4 22. Rxf7 Rxh2 23. Ne3 Rh3 24. Kd3 Bf5+ 25. Ne4 c5 26. Bxc5
bxc5 27. Rf8+ Kb7 28. Rb1+ Kc6 29. Rxf5 Rxf5 30. Rc1 Rff3 31. d5+ Kb6 32. Rb1+
Ka5 33. Re1 Rh2 34. Rf1 c4+ 35. Kd4 Rxf1 36. Nxf1 Rxa2 37. Nc3 Rf2 38. Ne3 Rf4+
39. Kc5 Ka6 40. Nb5 Rf7 41. Kc6 c3 42. Nxc3 Rf3 43. Ned1 Rf7 44. Ne3 g5 45. Ne4
Rg7 46. Nc5+ Ka5 47. Nf5 Rf7 48. Nh6 Rf6+ 49. Kxc7 Rxh6 50. d6 Kb5 51. Ne4 g4
52. d7 Rc6+ 53. Kb8 Rb6+ 54. Ka8 a5 55. Nc3+ Kc4 56. d8=Q Rb4 57. Nd5 Rb5 58.
Ne3+ Kc3 59. Qc7+ Kb2 60. Qg7+ Kb3 61. Qf7+ Ka3 62. Qf8+ Ka4 63. Qf4+ Rb4 64.
Qg5 Re4 65. Nxg4 Re8+ 66. Ka7 Kb4 67. Nf6 Re7+ 68. Kb6 Re6+ 69. Kc7 Re7+ 70.
Kc6 Re6+ 71. Kd5 Re7 72. Qd2+ Kb5 73. Qb2+ Ka6 74. Kc6 Re6+ 75. Kc5 Ka7 76.
Nxh7 a4 77. Qd4 Rb6 78. Qxa4+ Kb7 79. Ng5 Rh6 80. Qe8 Rb6 81. Ne4 Ka7 82. Nd6
Rb2 83. Qg6 Rb7 84. Nxb7 Kxb7 85. Qc6+ Kb8 86. Qd7 Ka8 87. Kc6 Kb8 88. Qb7# 1-0

[Event "Retro WM 84 Glasgow"]
[Site "Salzgitter"]
[Date "2019.05.31"]
[Round "19"]
[White "Sandy TSB 4 La Regence , 8 MHz"]
[Black "Meph. Excalibur O Serie , 8 MHz"]
[Result "0-1"]
[WhiteElo "1730"]
[BlackElo "1750"]
[PlyCount "82"]

1. d4 Nf6 2. c4 e6 3. Nc3 Bb4 4. e3 b6 5. Bd3 Bb7 6. Nf3 Ne4 7. Qc2 Ng5 8. Nxg5
Qxg5 9. f3 Qh4+ 10. g3 Qf6 11. O-O h6 12. Ne4 Qd8 13. Bd2 Be7 14. Nc3 Nc6 15.
Ne2 O-O 16. c5 bxc5 17. dxc5 d5 18. Rac1 Rb8 19. Nd4 e5 20. Nf5 Bg5 21. f4 exf4
22. Bc3 d4 23. Bxd4 Nxd4 24. exd4 fxg3 25. c6 Bxc1 26. Rxc1 gxh2+ 27. Kxh2 Bc8
28. Rd1 g6 29. Qg2 Bxf5 30. Bxf5 Qd6+ 31. Kh3 Rb4 32. Rd2 Qf4 33. Be4 Qe3+ 34.
Kh4 Rxd4 35. Re2 Rxe4+ 36. Qxe4 g5+ 37. Kg4 f5+ 38. Kh5 Qh3+ 39. Qh4 Qxh4+ 40.
Kg6 g4 41. Re5 Qg5# 0-1

[Event "Retro WM 84 Glasgow"]
[Site "Salzgitter"]
[Date "2019.06.02"]
[Round "5"]
[White "Chafitz Steinitz TM , 20 MHz"]
[Black "Novag SuperConst. TM , 16 MHz"]
[Result "1-0"]
[WhiteElo "1890"]
[BlackElo "1950"]
[PlyCount "113"]

1. d4 Nf6 2. c4 e6 3. Nf3 b6 4. g3 Ba6 5. Qa4 Be7 6. Nc3 O-O 7. Bf4 d5 8. Nb5
Bxb5 9. Qxb5 c5 10. dxc5 Bxc5 11. Bg2 Qe8 12. Qxe8 Rxe8 13. cxd5 exd5 14. a3
Nc6 15. e3 Nh5 16. Bg5 h6 17. Bh4 Bxe3 18. fxe3 Rxe3+ 19. Kf1 Re6 20. Bh3 Rd6
21. Bg4 Nf6 22. Bxf6 Rxf6 23. Re1 d4 24. Kg2 d3 25. Bd7 Rd6 26. Bxc6 Rxc6 27.
Rd1 Rc2+ 28. Kh3 Rd8 29. Rd2 Re8 30. Rxd3 Rxb2 31. Rhd1 Ra2 32. R1d2 Ra1 33.
Kg2 f6 34. Nh4 Re7 35. Nf5 Re5 36. Rf2 Ra5 37. Rd7 R5xa3 38. Rxg7+ Kf8 39. Rg6
Kf7 40. Rxh6 Ra5 41. Nd4 Kg7 42. Rhxf6 R5a4 43. Ne6+ Kh7 44. h4 Ra5 45. Rf7+
Kh8 46. Rb7 R5a2 47. h5 Kg8 48. g4 Rxf2+ 49. Kxf2 Ra5 50. h6 Kh8 51. Nf4 Rg5
52. Kg3 a5 53. Kh4 Rg8 54. Kh5 b5 55. Ng6+ Rxg6 56. Kxg6 b4 57. Rb8# 1-0

[Event "Retro WM 84 Glasgow"]
[Site "Salzgitter"]
[Date "2019.06.10"]
[Round "33"]
[White "Petrosjan Glasgow TM , 20 MHz"]
[Black "Fidelity Prestige Glasg. CB16, 6 MHz"]
[Result "1-0"]
[WhiteElo "1830"]
[BlackElo "1870"]
[PlyCount "63"]

1. Nf3 f5 2. d4 Nf6 3. Bg5 d5 4. e3 h6 5. Bf4 g5 6. Bg3 Nc6 7. Bd3 g4 8. Ne5
Nxe5 9. Bxe5 e6 10. Nc3 Bd6 11. h3 Rg8 12. Be2 gxh3 13. g3 Bxe5 14. dxe5 Ng4
15. Qd4 h2 16. Bxg4 Rxg4 17. Qc5 b6 18. Qb5+ Bd7 19. Qd3 c5 20. O-O-O c4 21.
Qe2 Qb8 22. f4 Rxg3 23. Qh5+ Kf8 24. Qxh6+ Ke8 25. Qh8+ Kf7 26. Qf6+ Ke8 27.
Rxh2 Bc8 28. Rh7 Qd6 29. Qf7+ Kd8 30. Rh8+ Rg8 31. Rxg8+ Qf8 32. Rxf8# 1-0

[Event "Retro WM 84 Glasgow"]
[Site "?"]
[Date "2019.06.10"]
[Round "14"]
[White "Fidelity Prestige Glasg. CB16, 6 MHz"]
[Black "Petrosjan Glasgow TM , 20 MHz"]
[Result "0-1"]
[WhiteElo "1870"]
[BlackElo "1830"]
[PlyCount "122"]

1. b4 Nf6 2. Nf3 e5 3. Nxe5 Bxb4 4. Ba3 Bxa3 5. Nxa3 Qe7 6. Nxf7 Qxf7 7. e3 O-O
8. Be2 d6 9. O-O Be6 10. Qb1 c5 11. Nb5 Ne4 12. d3 Nd2 13. Nxd6 Nxb1 14. Nxf7
Nc3 15. Nh6+ gxh6 16. Bf3 Nc6 17. a4 Rab8 18. Ra3 Nd5 19. Be2 Ndb4 20. Rc1 Rbd8
21. a5 Rf5 22. f4 Nd5 23. g4 Rf7 24. Kf2 Rg7 25. f5 Bd7 26. e4 Nf4 27. Bf3 Ne5
28. Ke3 Nh3 29. Rc3 Rc8 30. Rb1 Rc7 31. Rcb3 Ba4 32. R3b2 Bc6 33. a6 b6 34. Rf1
Nxg4+ 35. Bxg4 Rxg4 36. Rf3 Ng5 37. Rf2 Rd7 38. Rf1 Rd4 39. Ra2 Nf7 40. c3 Rd6
41. Rff2 Ne5 42. Rfd2 c4 43. dxc4 Rxe4+ 44. Kf2 Nd3+ 45. Kg3 Rxc4 46. Ra1 Rxc3
47. Rg1 Be4 48. Kg4 Rc5 49. Kh4+ Kf7 50. Ra2 Rxf5 51. Rg4 Bf3 52. Rc2 Bxg4 53.
Rc7+ Kg6 54. Kxg4 Ne5+ 55. Kg3 Rf3+ 56. Kg2 Rd2+ 57. Kg1 Ra3 58. Rc1 Raa2 59.
Rf1 Rg2+ 60. Kh1 Rxh2+ 61. Kg1 Rag2# 0-1

[Event "Retro WM 84 Glasgow"]
[Site "Salzgitter"]
[Date "2019.11.02"]
[Round "3"]
[White "Mephisto III-S Glasgow , 12 MHz"]
[Black "Fidelity Prestige Glasg. CB16, 6 MHz"]
[Result "0-1"]
[WhiteElo "1776"]
[BlackElo "1870"]
[PlyCount "120"]

1. e4 c6 2. d4 d5 3. exd5 cxd5 4. Bd3 Nc6 5. c3 g6 6. Bf4 Bh6 7. Ne2 Bxf4 8.
Nxf4 Nf6 9. a4 Qc7 10. g3 e5 11. dxe5 Qxe5+ 12. Be2 Bf5 13. O-O O-O 14. Bf3 Ne7
15. Qb3 b6 16. Rd1 Be4 17. Nd2 Bxf3 18. Nxf3 Qc7 19. Re1 Rae8 20. Re3 Qd6 21.
Rae1 Ng4 22. R3e2 Nf6 23. Qb5 Kg7 24. Nd4 Rh8 25. a5 bxa5 26. Qb7 Ne4 27. Nxd5
Nxd5 28. Rxe4 Rxe4 29. Rxe4 a6 30. Nc6 h6 31. Qxa6 Nf6 32. Re1 Qd2 33. Qe2 Qd5
34. Ne5 Rb8 35. c4 Qb7 36. Qd2 Qxb2 37. Qxa5 Re8 38. Qc7 Nd7 39. Qxd7 Rxe5 40.
Rxe5 Qxe5 41. Qb5 Qe1+ 42. Kg2 Qe4+ 43. Kh3 Qe6+ 44. g4 h5 45. f3 Qe2 46. Kg3
h4+ 47. Kf4 Qxh2+ 48. Ke3 h3 49. g5 Qg1+ 50. Ke4 h2 51. Qb2+ Kh7 52. Qb7 Qg4+
53. Ke3 Qxg5+ 54. Kd3 Qf5+ 55. Ke3 h1=Q 56. Qe4 Qg5+ 57. f4 Qc5+ 58. Qd4 Qe1+
59. Kd3 Qf5+ 60. Qe4 Qfxe4# 0-1

[Event "Retro WM 84 Glasgow"]
[Site "Salzgitter"]
[Date "2019.11.03"]
[Round "22"]
[White "Fidelity Prestige Glasg. CB16, 6 MHz"]
[Black "Mephisto III-S Glasgow , 12 MHz"]
[Result "0-1"]
[WhiteElo "1870"]
[BlackElo "1776"]
[PlyCount "174"]

1. e4 e6 2. d4 d5 3. Nc3 Bb4 4. e5 c5 5. a3 Bxc3+ 6. bxc3 Qc7 7. Nf3 Ne7 8. Be2
b6 9. Bb5+ Bd7 10. Bxd7+ Nxd7 11. O-O Rc8 12. Ra2 O-O 13. Bf4 Ng6 14. Bg3 cxd4
15. cxd4 Qc3 16. Qe2 Rc4 17. Rb1 Rfc8 18. Rb4 R8c6 19. Rb5 h6 20. Rb4 Ne7 21.
Bf4 Nf5 22. Qd1 Rxb4 23. axb4 Rc7 24. Bd2 Qc4 25. Qa1 a6 26. Rxa6 Qxc2 27. Ra8+
Rc8 28. Ra7 Rc7 29. Rxc7 Qxc7 30. Qa8+ Nf8 31. Qa6 Nd7 32. Qa3 Nf8 33. Bc3 Qc4
34. Qb2 Ng6 35. Bd2 b5 36. Qa1 Qb3 37. Qc1 Qc4 38. Qc3 Ngh4 39. Nxh4 Nxh4 40.
Qa1 Nf5 41. Bc3 f6 42. g4 Nh4 43. exf6 Qe2 44. fxg7 Qxg4+ 45. Kf1 Kxg7 46. Qa7+
Kg6 47. Qa1 Nf3 48. h3 Qxh3+ 49. Ke2 Qg4 50. Qb1+ Kf6 51. Ke3 Ng1 52. Qd3 Qf3+
53. Kd2 Qxf2+ 54. Kd1 Qf3+ 55. Qxf3+ Nxf3 56. Ke2 Ng5 57. Be1 e5 58. dxe5+ Kxe5
59. Kd3 Ne4 60. Bh4 d4 61. Be7 Nf2+ 62. Ke2 Ng4 63. Kd3 h5 64. Bc5 h4 65. Bxd4+
Kd5 66. Bg1 h3 67. Kc3 h2 68. Bxh2 Nxh2 69. Kd3 Ng4 70. Kc3 Nf2 71. Kb3 Kd4 72.
Kc2 Kc4 73. Kd2 Nd3 74. Ke3 Kc3 75. Ke4 Nxb4 76. Ke3 Nc2+ 77. Ke2 b4 78. Kf3 b3
79. Ke4 b2 80. Ke5 Nd4 81. Kf4 b1=Q 82. Kg5 Qf5+ 83. Kh6 Kd3 84. Kg7 Ne6+ 85.
Kh8 Qh5+ 86. Kg8 Qg6+ 87. Kh8 Qg7# 0-1

[Event "Retro WM 84 Glasgow"]
[Site "Salzgitter"]
[Date "2019.11.03"]
[Round "35"]
[White "Novag SuperConst. TM , 16 MHz"]
[Black "Fidelity Prestige Glasg. CB16, 6 MHz"]
[Result "1/2-1/2"]
[WhiteElo "1950"]
[BlackElo "1870"]
[PlyCount "162"]

1. d4 Nf6 2. c4 e6 3. Nf3 b6 4. a3 Ba6 5. Qc2 d5 6. cxd5 exd5 7. Bg5 Be7 8. Bf4
Bd6 9. Bxd6 Qxd6 10. Nc3 O-O 11. e3 Bxf1 12. Kxf1 c6 13. h3 Nbd7 14. Kg1 Rfe8
15. Nh4 Qe6 16. Kh2 c5 17. Kg1 cxd4 18. exd4 Rac8 19. Nf3 Ne4 20. Re1 Qf5 21.
Re3 Ndf6 22. Qd3 Qf4 23. Ne2 Qd6 24. Qb3 Nd7 25. Nc3 Nxc3 26. Qxc3 Rf8 27. Qd2
Nf6 28. Re5 h6 29. Nh4 Ne4 30. Qd1 Qc6 31. Nf5 Qc1 32. Qxc1 Rxc1+ 33. Kh2 Rxh1+
34. Kxh1 Nxf2+ 35. Kh2 Nd3 36. Re7 Rd8 37. b4 a6 38. Ra7 Kf8 39. Rxa6 Rb8 40.
Kg3 Nc1 41. Ra7 Ne2+ 42. Kf2 Nc3 43. Nd6 Ne4+ 44. Nxe4 dxe4 45. Ke3 f5 46. d5
Rd8 47. g4 Rxd5 48. Ra8+ Kf7 49. Ra7+ Kf6 50. gxf5 Rxf5 51. Kxe4 g6 52. Rb7 b5
53. Rb6+ Kg7 54. Rc6 Kf7 55. Rc8 Ke7 56. Rc5 Kf6 57. Kd4 h5 58. h4 Rf4+ 59. Kd5
Rxh4 60. Rxb5 Rf4 61. a4 h4 62. Rb8 h3 63. Rh8 Rxb4 64. Rxh3 Rxa4 65. Rf3+ Kg5
66. Ke5 Kh4 67. Rd3 Ra5+ 68. Kf6 Ra6+ 69. Ke5 g5 70. Kf5 Ra5+ 71. Ke4 g4 72.
Kf4 g3 73. Rd7 Kh3 74. Kf3 Rf5+ 75. Ke4 Kg4 76. Ke3 Rg5 77. Ke2 g2 78. Kf2 Kh5
79. Kg1 Kh4 80. Rh7+ Kg3 81. Rg7 Rxg7 1/2-1/2

[Event "Retro WM 84 Glasgow"]
[Site "Salzgitter"]
[Date "2019.11.03"]
[Round "16"]
[White "Fidelity Prestige Glasg. CB16, 6 MHz"]
[Black "Novag SuperConst. TM , 16 MHz"]
[Result "0-1"]
[WhiteElo "1870"]
[BlackElo "1950"]
[PlyCount "168"]

1. e4 e5 2. f4 Bc5 3. Nf3 d6 4. c3 Nf6 5. fxe5 dxe5 6. Nxe5 Qe7 7. d4 Bd6 8.
Nf3 Nxe4 9. Be2 O-O 10. O-O c5 11. Nbd2 Nxd2 12. Bxd2 cxd4 13. Nxd4 Qc7 14. h3
Bd7 15. Bd3 h6 16. Qc2 Nc6 17. Bh7+ Kh8 18. Bf5 Nxd4 19. cxd4 Bh2+ 20. Kh1 Bb5
21. Qxc7 Bxc7 22. Rfc1 Bb6 23. d5 Rad8 24. Bb4 Rfe8 25. d6 Re2 26. Rc2 Rxc2 27.
Bxc2 Bd4 28. Ba3 Kg8 29. Be4 Ba6 30. Rd1 Bf2 31. d7 Bb5 32. Bf5 Bh4 33. Rd5 Bc6
34. Rd4 Bg5 35. Rd6 a6 36. Bc5 g6 37. Bg4 h5 38. Bb6 hxg4 39. Bxd8 Bxd8 40.
hxg4 Kf8 41. Rd3 Ke7 42. Kh2 Bc7+ 43. Kh3 Bxd7 44. Rc3 Be5 45. Rb3 Bc6 46. Re3
Kd6 47. Re2 f6 48. g3 Kd5 49. b4 b5 50. Rc2 Bd7 51. Re2 Kc4 52. a3 Kb3 53. Re3+
Ka4 54. Kh4 Be6 55. g5 Bb3 56. Kh3 Kxa3 57. gxf6 Bxf6 58. Re4 Bc4 59. Rf4 Be7
60. g4 Kb3 61. Rf3+ Kxb4 62. Re3 Bc5 63. Rf3 a5 64. Rf6 g5 65. Kg3 a4 66. Rg6
a3 67. Kf3 Ka5 68. Rxg5 a2 69. Rxc5 a1=Q 70. Rc8 Qe5 71. Kg2 Qe4+ 72. Kg3 Be6
73. Rf8 Qxg4+ 74. Kf2 Qd4+ 75. Kf3 Qc3+ 76. Ke2 Qb2+ 77. Kf1 Bc4+ 78. Kg1 Qg7+
79. Kf2 Qxf8+ 80. Ke3 Qe7+ 81. Kd2 Qe2+ 82. Kc1 Bb3 83. Kb1 Qa2+ 84. Kc1 Qc2#
0-1

[Event "Retro WM 84 Glasgow"]
[Site "Salzgitter"]
[Date "2019.11.04"]
[Round "28"]
[White "Petrosjan Glasgow TM , 20 MHz"]
[Black "Chafitz Sargon ARB 3.5 TM , 12 MHz"]
[Result "1-0"]
[WhiteElo "1830"]
[BlackElo "1750"]
[PlyCount "51"]

1. c4 c5 2. Nf3 Nf6 3. e3 g6 4. d4 cxd4 5. exd4 Bg7 6. Bd3 O-O 7. Nc3 b6 8. Bf4
Nh5 9. Be4 Nc6 10. Be5 f6 11. Bd5+ Kh8 12. Bxc6 dxc6 13. Bg3 Nxg3 14. hxg3 Bb7
15. Qe2 c5 16. d5 Bc8 17. O-O-O Bb7 18. Rh4 g5 19. Rhh1 Rc8 20. Rde1 Re8 21.
Qe6 Ba6 22. Nd2 Bb7 23. Qf7 h6 24. Rxh6+ Bxh6 25. Rh1 Bxd5 26. Rxh6# 1-0

[Event "Retro WM 84 Glasgow"]
[Site "Salzgitter"]
[Date "2019.11.04"]
[Round "9"]
[White "Chafitz Sargon ARB 3.5 TM , 12 MHz"]
[Black "Petrosjan Glasgow TM , 20 MHz"]
[Result "1-0"]
[WhiteElo "1750"]
[BlackElo "1830"]
[PlyCount "119"]

1. d4 Nf6 2. c4 e6 3. Nc3 Bb4 4. e3 b6 5. a3 Bxc3+ 6. bxc3 O-O 7. Bb2 c5 8. Bd3
Bb7 9. Nf3 Nc6 10. O-O Rb8 11. Ng5 h6 12. Nf3 Na5 13. Nd2 d6 14. e4 cxd4 15.
cxd4 Qc7 16. Rc1 e5 17. dxe5 dxe5 18. Nf3 Rfe8 19. Qc2 Rbc8 20. Bc3 Qc5 21. Bb4
Qc7 22. Rfd1 Nc6 23. Bc3 Nd4 24. Nxd4 exd4 25. Bxd4 Nxe4 26. Qb2 f6 27. Be2 Ng5
28. c5 bxc5 29. Rxc5 Qe7 30. Qb3+ Kh8 31. Bb5 Red8 32. Rxc8 Bxc8 33. Qa4 Qd6
34. Be2 Qe7 35. Bd3 Rd7 36. Rc1 Qd8 37. Re1 Nf3+ 38. gxf3 a5 39. Bf5 Kg8 40.
Bc3 h5 41. Bxa5 Rd4 42. Qe8+ Qxe8 43. Rxe8+ Kf7 44. Rxc8 Rd1+ 45. Kg2 Rd4 46.
Rc7+ Ke8 47. Bg6+ Kd8 48. Rc4+ Kd7 49. Rxd4+ Kc6 50. Bxh5 Kb5 51. Bb4 Kb6 52.
Bg6 f5 53. Bxf5 Kc7 54. h4 Kc6 55. a4 Kb7 56. Rd7+ Kc6 57. h5 Kb6 58. Be4 Ka6
59. Bc5 g5 60. Ra7# 1-0

[Event "Retro WM 84 Glasgow"]
[Site "Salzgitter"]
[Date "2019.11.05"]
[Round "4"]
[White "Petrosjan Glasgow TM , 20 MHz"]
[Black "Conchess T6 Glasgow , 5,5 MHz"]
[Result "0-1"]
[WhiteElo "1830"]
[BlackElo "1898"]
[PlyCount "96"]

1. d4 d5 2. Bg5 Nf6 3. Bxf6 exf6 4. e3 Be7 5. Bd3 c6 6. Nd2 Qb6 7. Qc1 Na6 8.
Ngf3 Nb4 9. O-O Nxd3 10. cxd3 O-O 11. Qc3 Bb4 12. Qb3 Qa5 13. Rfd1 Bg4 14. h3
Bh5 15. Qc2 Bxd2 16. Qxd2 Qxd2 17. Rxd2 Bxf3 18. gxf3 h5 19. h4 g5 20. Kg2 Kh7
21. Kh1 gxh4 22. Rg1 f5 23. Rg5 Kh6 24. Rxf5 Kg6 25. e4 dxe4 26. dxe4 Rad8 27.
Kh2 Rd5 28. Rxd5 cxd5 29. Kh3 Kg5 30. Rc2 dxe4 31. fxe4 b6 32. Rc7 f5 33. e5
Rd8 34. Rg7+ Kh6 35. Rxa7 Rxd4 36. Rb7 Rb4 37. f4 Rxf4 38. Rxb6+ Kg5 39. Kg2
Re4 40. Rb5 Kg4 41. a3 h3+ 42. Kh2 f4 43. Rb4 Re2+ 44. Kg1 Kg3 45. Rb3+ f3 46.
Rxf3+ Kxf3 47. e6 h2+ 48. Kf1 h1=Q# 0-1

[Event "Retro WM 84 Glasgow"]
[Site "Salzgitter"]
[Date "2019.11.05"]
[Round "23"]
[White "Conchess T6 Glasgow , 5,5 MHz"]
[Black "Petrosjan Glasgow TM , 20 MHz"]
[Result "0-1"]
[WhiteElo "1898"]
[BlackElo "1830"]
[PlyCount "114"]

1. Nf3 d5 2. d4 Nc6 3. c4 Bg4 4. cxd5 Bxf3 5. dxc6 Bxc6 6. Nc3 Nf6 7. Bg5 e6 8.
Qd3 Be7 9. Rd1 O-O 10. e4 Qd7 11. Be2 h6 12. Bf4 Bb4 13. Bf3 Bb5 14. Qd2 c6 15.
Be5 Qd8 16. Qc2 a5 17. a3 Bxc3+ 18. Qxc3 a4 19. Qc2 Re8 20. Qc1 Qa5+ 21. Rd2
Nd7 22. Bd6 Nf6 23. e5 Nd5 24. Qc2 Nf4 25. Be4 Red8 26. Bh7+ Kh8 27. Rg1 g6 28.
Bb4 Qa6 29. Be7 Nd3+ 30. Kd1 Rxd4 31. Bc5 Nxf2+ 32. Ke1 Rxd2 33. Kxd2 Bd3 34.
Qc1 Ne4+ 35. Ke3 Kxh7 36. Be7 Qb5 37. Qd1 Qb6+ 38. Kxd3 Nf2+ 39. Kc2 Qb3+ 40.
Kc1 Nxd1 41. Rxd1 Qc4+ 42. Kb1 Qe4+ 43. Ka1 Qxe5 44. Bd6 Qe2 45. Rg1 Rd8 46.
Bf4 Qf2 47. Rc1 Qxf4 48. Rh1 Rd2 49. g3 Qd4 50. Rb1 Rd1 51. Rxd1 Qxd1+ 52. Ka2
e5 53. h3 e4 54. g4 e3 55. h4 e2 56. b3 e1=Q 57. bxa4 Qed2# 0-1

[Event "Retro WM 84 Glasgow"]
[Site "Salzgitter"]
[Date "2019.11.09"]
[Round "14"]
[White "Meph. Excalibur Y Budapest , 8 MHz"]
[Black "Conchess T6 Glasgow , 5,5 MHz"]
[Result "0-1"]
[WhiteElo "1750"]
[BlackElo "1898"]
[PlyCount "90"]

1. e4 c5 2. Nf3 e6 3. Nc3 Nc6 4. Bb5 Nge7 5. d4 cxd4 6. Nxd4 e5 7. Nf3 Ng6 8.
O-O Qa5 9. Qd5 Bb4 10. Bc4 O-O 11. Bd2 a6 12. a3 Qxd5 13. exd5 Bxc3 14. Bxc3 e4
15. Nd2 Nce5 16. Ba2 f5 17. h3 d6 18. f4 Nf7 19. Nc4 b5 20. Ne3 Ne7 21. Rfd1 a5
22. g4 fxg4 23. hxg4 Ng6 24. f5 Nf4 25. Rf1 Ne2+ 26. Kh2 Nxc3 27. bxc3 Ba6 28.
Rf4 Rae8 29. a4 bxa4 30. Bc4 Bxc4 31. Nxc4 e3 32. Re1 e2 33. Nxa5 a3 34. Ra4 g6
35. fxg6 Ne5 36. gxh7+ Kxh7 37. Kg2 Nf3 38. Rh1+ Kg6 39. Kg3 Nh4 40. Nc4 Rf3+
41. Kh2 Rf1 42. Rxf1 exf1=Q 43. Ne5+ Rxe5 44. Kg3 Qg2+ 45. Kxh4 Qh2# 0-1

[Event "Retro WM 84 Glasgow"]
[Site "Salzgitter"]
[Date "2019.11.09"]
[Round "33"]
[White "Conchess T6 Glasgow , 5,5 MHz"]
[Black "Meph. Excalibur Y Budapest , 8 MHz"]
[Result "0-1"]
[WhiteElo "1898"]
[BlackElo "1750"]
[PlyCount "128"]

1. e4 c5 2. c3 e6 3. d4 d5 4. exd5 exd5 5. Qe2+ Qe7 6. Qxe7+ Bxe7 7. Nf3 Nf6 8.
Bd3 c4 9. Bc2 Bg4 10. Ne5 Nc6 11. Nxc6 bxc6 12. O-O Be2 13. Re1 Bg4 14. Bg5 Be6
15. Bxf6 Bxf6 16. Bf5 Kd7 17. Bxe6+ fxe6 18. b3 Rab8 19. bxc4 Rb2 20. Na3 Rhb8
21. f4 a6 22. cxd5 cxd5 23. Reb1 Be7 24. Rxb2 Rxb2 25. Nb1 Bd6 26. g3 Ke7 27.
a4 Kf6 28. h3 g5 29. fxg5+ Kxg5 30. c4 dxc4 31. g4 a5 32. Nc3 Kh4 33. Ne4 Bf4
34. Ra3 Rb3 35. Ra2 Kxh3 36. Kf1 Rf3+ 37. Rf2 Rxf2+ 38. Nxf2+ Kg3 39. Ke2 h6
40. Ne4+ Kxg4 41. Nf6+ Kf5 42. Nd7 Ke4 43. Nc5+ Kd5 44. Kf3 Bg5 45. Ke2 h5 46.
Nb7 h4 47. Nxa5 h3 48. Kf3 c3 49. Nb3 c2 50. Kg3 Kc4 51. Nc5 c1=Q 52. Kxh3 Qe3+
53. Kg4 Qxd4+ 54. Kxg5 Kxc5 55. a5 e5 56. Kf5 Qf4+ 57. Ke6 e4 58. a6 Kb6 59. a7
Kxa7 60. Kd5 e3 61. Kc5 Kb7 62. Kd5 e2 63. Kc5 e1=Q 64. Kd5 Qee5# 0-1

[Event "Retro WM 84 Glasgow"]
[Site "Salzgitter"]
[Date "2019.11.09"]
[Round "20"]
[White "Petrosjan Glasgow TM , 20 MHz"]
[Black "Meph. Excalibur Y Budapest , 8 MHz"]
[Result "1-0"]
[WhiteElo "1830"]
[BlackElo "1750"]
[PlyCount "119"]

1. e4 e5 2. Bc4 Nf6 3. d3 c6 4. Nf3 d5 5. Bb3 Bd6 6. Nc3 d4 7. Ne2 O-O 8. Ng3
Qa5+ 9. Bd2 Qc5 10. c3 a5 11. cxd4 exd4 12. Rc1 Qb5 13. a4 Qb6 14. e5 Be7 15.
exf6 Bxf6 16. O-O Bg4 17. Ne4 Bh4 18. Nd6 Bxf3 19. gxf3 Nd7 20. Qc2 Qc7 21.
Bxf7+ Rxf7 22. Nxf7 Kxf7 23. Qc4+ Kf8 24. Qxd4 Bf6 25. Qe4 h6 26. Bf4 Qd8 27.
Bd6+ Kg8 28. b3 Nb6 29. Bc5 Nd5 30. Rfe1 Qc7 31. Qe6+ Kh8 32. Qf5 Rd8 33. Rc4
Nc3 34. Rg4 Qf7 35. Bb6 Qd5 36. Qxd5 Rxd5 37. Kg2 Kg8 38. Re8+ Kf7 39. Rb8 Ke7
40. Rxb7+ Kd6 41. Bc7+ Ke6 42. Rc4 Rg5+ 43. Kf1 Kd5 44. Ra7 Bd4 45. Rxa5+ c5
46. Ra6 Be5 47. Bxe5 Rxe5 48. Rxc3 Kd4 49. Rc4+ Kd5 50. b4 cxb4 51. Ra5+ Kd6
52. Rxe5 Kxe5 53. a5 Kd6 54. a6 b3 55. a7 g5 56. a8=Q h5 57. Qd8+ Ke6 58. Qb6+
Kf7 59. Rc7+ Ke8 60. Qb8# 1-0

[Event "Retro WM 84 Glasgow"]
[Site "Salzgitter"]
[Date "2019.11.10"]
[Round "36"]
[White "Chafitz ARB 4.0 50 S TM , 16 MHz"]
[Black "Chafitz ARB 4.0 50 S TM , 24 MHz"]
[Result "1-0"]
[WhiteElo "1885"]
[BlackElo "1915"]
[PlyCount "83"]

1. c4 e5 2. Nc3 Nc6 3. Nf3 Nf6 4. g3 Bb4 5. Bg2 O-O 6. O-O e4 7. Ng5 Bxc3 8.
bxc3 Re8 9. Qc2 Qe7 10. d3 exd3 11. exd3 b6 12. Bd2 Bb7 13. Rae1 Qf8 14. Bf4
Rxe1 15. Rxe1 h6 16. Ne4 Nxe4 17. Bxe4 d6 18. Qa4 Na5 19. Bxb7 Nxb7 20. Qc6 Nc5
21. Qxc7 Nxd3 22. Bxd6 Qc8 23. Re7 Qxc7 24. Rxc7 Nc1 25. a3 Ne2+ 26. Kg2 Nxc3
27. Bb4 Na2 28. Bd2 f5 29. Be3 g5 30. c5 b5 31. Rc6 Kg7 32. Ra6 b4 33. c6 Kf7
34. Rxa7+ Rxa7 35. Bxa7 b3 36. c7 b2 37. c8=Q b1=Q 38. Qd7+ Kf8 39. Bc5+ Kg8
40. Qe8+ Kg7 41. Bd4+ Kh7 42. Qf7# 1-0